| Tag |
First Indicator |
Second Indicator |
Subfields |
| LEADER |
00000cam a2200000 a 4500 |
| 001 |
in00000032388 |
| 005 |
20180526063145.0 |
| 008 |
870723r1987 nyua b 00100 eng |
| 010 |
|
|
|a 87020737
|
| 020 |
|
|
|a 0312013477 :
|c $27.50
|
| 020 |
|
|
|a 0312013485 (pbk.) :
|c $12.95
|
| 035 |
|
|
|a (OCoLC)16523028
|
| 035 |
|
|
|9 AAC1011AM
|
| 040 |
|
|
|a DLC
|c DLC
|d TXA
|d UtOrBLW
|
| 043 |
|
|
|a e-ur---
|
| 049 |
|
|
|a TXAM
|c [A10938579]
|
| 050 |
0 |
0 |
|a DK289
|b .F87 1987
|
| 082 |
0 |
|
|a 947.085/4
|2 19
|
| 245 |
0 |
4 |
|a The Future of the Soviet empire /
|c edited by Henry S. Rowen and Charles Wolf, Jr. ; foreword by Donald H. Rumsfeld.
|
| 250 |
|
|
|a 1st U.S. ed.
|
| 264 |
|
1 |
|a New York, NY :
|b St. Martin's Press,
|c [1987]
|
| 264 |
|
4 |
|c ©1987
|
| 300 |
|
|
|a xx, 368 pages :
|b illustrations ;
|c 24 cm.
|
| 336 |
|
|
|a text
|b txt
|2 rdacontent
|
| 337 |
|
|
|a unmediated
|b n
|2 rdamedia
|
| 338 |
|
|
|a volume
|b nc
|2 rdacarrier
|
| 500 |
|
|
|a "An Institute for Contemporary Studies/St. Martin's Press publication."
|
| 504 |
|
|
|a Bibliography: pages [325]-346.
|
| 500 |
|
|
|a Includes index.
|
| 651 |
|
0 |
|a Soviet Union
|x Foreign relations
|y 1975-1985.
|
| 651 |
|
0 |
|a Soviet Union
|x Politics and government
|y 1985-1991.
|
| 651 |
|
0 |
|a Soviet Union
|x Economic conditions
|y 1976-
|
| 651 |
|
0 |
|a Soviet Union
|x Social conditions
|y 1970-1991.
|
| 650 |
|
0 |
|a Anti-communist movements.
|
| 700 |
1 |
|
|a Rowen, Henry S.
|
| 700 |
1 |
|
|a Wolf, Charles,
|c Jr.,
|d 1924-2016.
|
| 999 |
|
|
|a MARS
|
| 999 |
f |
f |
|s b1293e68-ce99-335f-ae2b-f094c9981f3a
|i f4511619-cbb4-39b9-b285-a13b24cc3682
|t 0
|
| 952 |
f |
f |
|p ric
|a Texas A&M University
|b Rellis Campus
|c Joint Library Facility
|d Remote Storage
|t 0
|e DK289 .F87 1987
|h Library of Congress classification
|i unmediated -- volume
|m A14810938579
|
| 998 |
f |
f |
|a DK289 .F87 1987
|t 0
|l Remote Storage
|